00787nam a2200241Ia 450000500170000000800410001702000150005808200170007310000350009024500610012525000110018630000660019750000210026365000440028465000310032894200120035926400360037133600270040733700330043433800280046704000350049599900150053020220317000155.0141031s9999 xx 000 0 und d a9589798144 a598.43bU73a10aUribe Hurtado, Cristinad1956-10aAlejito Pachera, pelícano de Macaví cCristina Uribe a1a ed. a33 páginas bilustraciones, fotografías en color c23 cm. aIncluye glosario14aPelícanos 2LEMBxLiteratura infantil14aAves xLiteratura infantil 2ddccBK aBogotá bCristina Uribec2006 atextobtxt2rdacontent asin mediaciónbn2rdamedia avolumenbnc2rdacarrier aCO-BoRNBPbspaerdacCO-BoRNBP c3306d3306